=LDR 00000nam 2200000 4500 =001 INLIS000000000010329 =005 20200218101206 =035 ##$$a 0010-061300000010329 =008 200218################g##########0#ind## =041 ##$$a Ind =082 ##$$a 100 =090 ##$$a 100, Niz m =245 ##$$a Memperdebatkan status filsafat kontemporer : $b Jurgen Habermas, Richard Rorty, dan Leszek Kolakowski /$c Editor Josef Niznik, John T. Sanders =260 ##$$a Yogyakarta :$b Qalam,$c 2002 =300 ##$$a xxiv, 224 hlm. ; $c 14,5x20,5 cm. =650 #4$$a Filsafat =850 ##$$a NBPNMAT =020 ##$$a 979-9440-24-6 =084 ##$$a 100 MEM m =700 #$$a Niznik, Josef =504 ##$$a Bibliografi : hlm. 189 - 218 =504 ##$$a Indeks : hlm. 221 - 224 =990 ##$$a 1039164 =990 ##$$a 1039166